State Profile - Alabama - Statistics

General Stats
  • This quiz has been taken 34 times
  • The average score is 7 of 10
Answer Stats
Name Alabama's.... Answer % Correct
Largest City Birmingham
97%
Capital Montgomery
97%
State Song (Hint: It's a state) "Alabama"
87%
Flag Colors crimson, white
84%
Year of Initiation into the U.S. 1819
74%
Nickname Yellowhammer State
68%
Tree Longleaf pine
48%
State Flower Camellia
39%
Animal (Specific) Black Bear
35%
Insect (Specific) Monarch Butterfly
32%
No matching quizzes found
Score Distribution
Percent of People with Each Score
Percentile by Number Answered
Your Score History
You have not taken this quiz